| 000 | 00522nam a2200193Ia 4500 | ||
|---|---|---|---|
| 001 | 11734 | ||
| 005 | 20260306162850.0 | ||
| 008 | 260306t2019||||xx |||||||||||||| ||spa|| | ||
| 041 | _aESP | ||
| 082 |
_aHR 080.24 _bV. 42 Nº 161 2019 MORALIA |
||
| 100 |
_aMingo Kaminouchi, Alberto _eAUT |
||
| 110 | _aInstituto Superior de Ciencias Morales | ||
| 245 | 0 |
_aMoralia: _brevista de ciencias morales |
|
| 260 | _c2019 | ||
| 300 |
_a100 páginas : _c21 cm. |
||
| 650 | _aGEN | ||
| 654 | _aCHU | ||
| 942 |
_cREV _dJUS _fJUS _2ddc _n |
||
| 999 |
_c11734 _d11734 |
||